Realidad y destino de Chile
में बचाया:
| मुख्य लेखकों: | , , |
|---|---|
| स्वरूप: | पुस्तक |
| भाषा: | स्पेनिश |
| प्रकाशित: |
Santiago
Gabriela Mistral
1973
|
| विषय: | |
| टैग: |
टैग जोड़ें
कोई टैग नहीं, इस रिकॉर्ड को टैग करने वाले पहले व्यक्ति बनें!
|
MARC
| LEADER | 00000nam a2200000 a 4500 | ||
|---|---|---|---|
| 001 | UCT6906 | ||
| 003 | CL-VaPUC | ||
| 008 | 970113e19730000CL |||||||||||||||||spa|d | ||
| 082 | 0 | 4 | |a 320.983 |b PIN |2 21 |
| 100 | |a Pinochet Ugarte, Augusto, |e 1915-2006 |9 374419 | ||
| 700 | |a Huerta Díaz, Ismael |e author |9 314225 | ||
| 700 | 0 | |a Gotuzzo, Lorenzo |e author |9 377286 | |
| 245 | 1 | 0 | |a Realidad y destino de Chile |
| 300 | |a 63 p | ||
| 942 | |c BK | ||
| 945 | |d 19970113 00:00:00 |a paguirre | ||
| 260 | |a Santiago |b Gabriela Mistral |c 1973 | ||
| 500 | |a Discurso del Presidente de la Honorable Junta de Gobierno en Edificio Diego Portales, el 11 de Octubre. Discurso del Canciller Huerta ante la Asamblea General de las Naciones Unidas. Exposición de la hacienda pública por el Contraalmirante Gotuzzo | ||
| 650 | 7 | |a POLITICA INTERNA |2 CL-VaPUC |9 342443 | |
| 650 | 0 | |a Gobierno |9 255508 | |
| 650 | 0 | |a Soberanía |9 266726 | |
| 650 | 7 | |a MARXISMO |2 CL-VaPUC |9 377287 | |
| 650 | 7 | |a SISTEMAS POLITICOS |2 CL-VaPUC |9 377288 | |
| 650 | 7 | |a CONFLICTO POLITICO |2 CL-VaPUC |9 344341 | |
| 651 | 7 | |a CHILE |2 CL-VaPUC |9 377289 | |
| 583 | |a last modification |c 19970113 00:00:00 |k Rodrigo Vera | ||
| 999 | |c 255575 |d 255573 | ||
| 952 | |0 0 |1 0 |2 ddc |4 0 |6 320_983000000000000_PIN_1973 |7 0 |8 A |9 277879 |a BIBDER |b BIBDER |d 2019-11-19 |i 1804170 |o 320.983 PIN 1973 |p 1804170 |r 2023-01-25 |w 2019-11-19 |y MX |k DER | ||